Rozpoznaj gracza CSGO/CS2 po zdjęciu #2 - Statystyki

Ogólne statystyki
  • Ten quiz został rozwiązany 129 razy
  • Średni wynik to 6 z 8
Statystyki odpowiedzi
Obrazkowy Odpowiedź % Poprawnych
ropz
98%
jL
87%
EliGE
85%
Magisk
82%
FalleN
81%
Twistzz
81%
cadiaN
72%
dupreeh
60%
Nie znaleziono quizów pasujących do podanych kryteriów
Rozkład punktacji
Procent ludzi z każdym wynikiem
Percentyl według liczby udzielonych odpowiedzi
Twoja historia wyników
Nie rozwiązałeś tego quizu